00626cam a22002291 4500001001300000003000400013005001700017008004100034010001700075035002000092040001800112042001200130050001800142100002400160245002500184260001100209300003900220500001600259500005500275600004900330999001700379sa 63004538 DLC20260227111949.0890619s1963 ii ch 000 0 beno  asa 63004538  a(OCoLC)19890617 aDLCcWaUdDLC apremarc00aCT1508.T3bR31 aRay, Sushil,d1915-10aJyotirindra Nātha. c[1963] a6, 286 p.bports., facsim.c23 cm. aIn Bengali. aBased on the author's thesis, Calcutta University.10aṬhākura, Jyotirindranātha,d1849-1925. c55709d55709